000 00699cam a2200205 i 4500
005 20260212103006.0
008 250721s1982 le gr 000 f ara d
041 _aara
_heng
082 1 4 _aق
_bف ر ا
100 1 _aفرانس، اتاتول
_eمؤلف.
245 1 2 _aالسيد برجريه في باريس :
_bرواية.
_cاناتول فرانس ؛ ترجمة نادر ذكرى.
250 _aالطبعة الأولى.
264 3 1 _aبيروت :
_bدار الفاربي،
_c1982.
300 _a271صفحة.
650 1 7 _aالأدب المترجم.
650 1 7 _aالروايات.
700 1 _aذكرى، نادر
_eمترجم.
942 _2ddc
_cBK
999 _c29100
_d29100